<?xml version="1.0" encoding="UTF-8"?>
<record
    xmlns:xsi="http://www.w3.org/2001/XMLSchema-instance"
    xsi:schemaLocation="http://www.loc.gov/MARC21/slim http://www.loc.gov/standards/marcxml/schema/MARC21slim.xsd"
    xmlns="http://www.loc.gov/MARC21/slim">

  <leader>01403nam a2200337   4500</leader>
  <controlfield tag="001">114351</controlfield>
  <controlfield tag="003">DR-UNIBE</controlfield>
  <controlfield tag="005">20260409062750.0</controlfield>
  <controlfield tag="008">260129b2009    dr ||||| |||| 00| 0 spa d</controlfield>
  <datafield tag="020" ind1=" " ind2=" ">
    <subfield code="a">9993400904</subfield>
  </datafield>
  <datafield tag="040" ind1=" " ind2=" ">
    <subfield code="a">BIBLIOTECA UNIBE</subfield>
    <subfield code="b">spa</subfield>
    <subfield code="c">BIBLIOTECA UNIBE</subfield>
    <subfield code="e">rda</subfield>
  </datafield>
  <datafield tag="041" ind1=" " ind2=" ">
    <subfield code="a">spa</subfield>
  </datafield>
  <datafield tag="082" ind1=" " ind2=" ">
    <subfield code="a">RD 800 M533de 2009</subfield>
  </datafield>
  <datafield tag="245" ind1="1" ind2="0">
    <subfield code="a">Memorias de una tertulia homenaje a Juan Bosch </subfield>
  </datafield>
  <datafield tag="250" ind1=" " ind2=" ">
    <subfield code="a">Segunda edici&#xF3;n</subfield>
  </datafield>
  <datafield tag="260" ind1=" " ind2=" ">
    <subfield code="a">Santo Domingo :</subfield>
    <subfield code="b">Comisi&#xF3;n Permanente de Efem&#xE9;rides Patrias (CPEP),</subfield>
    <subfield code="c">2009</subfield>
  </datafield>
  <datafield tag="300" ind1=" " ind2=" ">
    <subfield code="a">278 p&#xE1;ginas :</subfield>
    <subfield code="b">fotos b/n ;</subfield>
    <subfield code="c">29 x 15 cm</subfield>
  </datafield>
  <datafield tag="500" ind1=" " ind2=" ">
    <subfield code="a">Comentario de la obra en la contraportada</subfield>
  </datafield>
  <datafield tag="600" ind1=" " ind2="0">
    <subfield code="a"> </subfield>
    <subfield code="x">Memorias, conferencias, etc</subfield>
    <subfield code="9">32</subfield>
  </datafield>
  <datafield tag="650" ind1=" " ind2="7">
    <subfield code="2">lemb</subfield>
    <subfield code="a"> Arte y literatura</subfield>
    <subfield code="x">Ensayos, conferencias, etc</subfield>
    <subfield code="9">201940</subfield>
  </datafield>
  <datafield tag="700" ind1="1" ind2="0">
    <subfield code="a">Senci&#xF3;n Villalona, Ver&#xF3;nica</subfield>
    <subfield code="9">49613</subfield>
    <subfield code="e">coordinador general</subfield>
  </datafield>
  <datafield tag="700" ind1="1" ind2="0">
    <subfield code="a">Castro Burdiez, Tom&#xE1;s, </subfield>
    <subfield code="d">1959 -</subfield>
    <subfield code="9">28654</subfield>
    <subfield code="e">coordinador ejecutivo</subfield>
  </datafield>
  <datafield tag="700" ind1="1" ind2="0">
    <subfield code="a"> Garc&#xED;a, Jos&#xE9; Enrique, </subfield>
    <subfield code="d">1948 - </subfield>
    <subfield code="9">139214</subfield>
    <subfield code="e">coordinador de producci&#xF3;n</subfield>
  </datafield>
  <datafield tag="700" ind1="1" ind2="0">
    <subfield code="a">Senci&#xF3;n Villalona, Guillermo</subfield>
    <subfield code="9">50407</subfield>
    <subfield code="e">corrector</subfield>
  </datafield>
  <datafield tag="700" ind1="1" ind2="0">
    <subfield code="a">Lora Leites, Tomas</subfield>
    <subfield code="9">142524</subfield>
    <subfield code="e">corrector</subfield>
  </datafield>
  <datafield tag="700" ind1="1" ind2="0">
    <subfield code="a">Tejada, Roberto</subfield>
    <subfield code="9">53408</subfield>
    <subfield code="e">dise&#xF1;ador</subfield>
    <subfield code="e">diagramador</subfield>
  </datafield>
  <datafield tag="700" ind1="1" ind2="0">
    <subfield code="a">Guzm&#xE1;n, Pedro</subfield>
    <subfield code="9">156016</subfield>
    <subfield code="e">fot&#xF3;grafo</subfield>
  </datafield>
  <datafield tag="700" ind1="1" ind2="0">
    <subfield code="a">Castillo Pichardo, Jos&#xE9; del </subfield>
    <subfield code="9">197519</subfield>
    <subfield code="e">preliminar</subfield>
  </datafield>
  <datafield tag="700" ind1="1" ind2="0">
    <subfield code="a">Chez Checo, Jos&#xE9;</subfield>
    <subfield code="q">(Chez Checo, Jos&#xE9; Felipe),</subfield>
    <subfield code="d">1949-</subfield>
    <subfield code="9">193932</subfield>
    <subfield code="e">ep&#xED;logo</subfield>
  </datafield>
  <datafield tag="942" ind1=" " ind2=" ">
    <subfield code="2">ddc</subfield>
    <subfield code="c">BK</subfield>
  </datafield>
  <datafield tag="999" ind1=" " ind2=" ">
    <subfield code="c">114351</subfield>
    <subfield code="d">114351</subfield>
  </datafield>
  <datafield tag="952" ind1=" " ind2=" ">
    <subfield code="0">0</subfield>
    <subfield code="1">0</subfield>
    <subfield code="2">ddc</subfield>
    <subfield code="7">0</subfield>
    <subfield code="8">GEN-RD</subfield>
    <subfield code="a">Principal</subfield>
    <subfield code="d">2025-11-12</subfield>
    <subfield code="l">0</subfield>
    <subfield code="o">RD 800 M533de 2009</subfield>
    <subfield code="p">260055</subfield>
    <subfield code="r">2026-01-29 13:45:58</subfield>
    <subfield code="t">Ej. 1</subfield>
    <subfield code="w">2026-01-29</subfield>
    <subfield code="y">BK</subfield>
  </datafield>
</record>
